000 00311nam a22001217a 4500
020 _a9788173199820
082 _a532
_bPAT/EN
100 _aPatra K.C.
_91263
245 _aEngineering Fluid Mechanics and Hydraulic Mechanics
260 _aNew Delhi
_bNarosa Publishing House
_c2011
300 _a562
942 _cBBS
999 _c14720
_d14720